Mineralogy of uranium deposits, Goldfields, Saskatchewan. (Record no. 28953)
[ view plain ]
| 000 -LEADER | |
|---|---|
| fixed length control field | 00726cam a22002291 4500 |
| 001 - CONTROL NUMBER | |
| control field | gs 55000171 |
| 003 - CONTROL NUMBER IDENTIFIER | |
| control field | DLC |
| 005 - DATE AND TIME OF LATEST TRANSACTION | |
| control field | 20260227111402.0 |
| 008 - FIXED-LENGTH DATA ELEMENTS--GENERAL INFORMATION | |
| fixed length control field | 720309s1955 xx 000 0 eng |
| 010 ## - LIBRARY OF CONGRESS CONTROL NUMBER | |
| LC control number | gs 55000171 |
| 035 ## - SYSTEM CONTROL NUMBER | |
| System control number | (OCoLC)259931 |
| 040 ## - CATALOGING SOURCE | |
| Original cataloging agency | DLC |
| Transcribing agency | OAkU |
| Modifying agency | DLC |
| 042 ## - AUTHENTICATION CODE | |
| Authentication code | premarc |
| 050 00 - LIBRARY OF CONGRESS CALL NUMBER | |
| Classification number | QE185 |
| Item number | .A43 no. 31 |
| 100 1# - MAIN ENTRY--PERSONAL NAME | |
| Personal name | Robinson, Stephen Clive, |
| Dates associated with a name | 1911- |
| 245 10 - TITLE STATEMENT | |
| Title | Mineralogy of uranium deposits, Goldfields, Saskatchewan. |
| 260 ## - PUBLICATION, DISTRIBUTION, ETC. | |
| Place of publication, distribution, etc. | Ottawa, |
| Name of publisher, distributor, etc. | E. Cloutier, Queen's printer, |
| Date of publication, distribution, etc. | 1955. |
| 300 ## - PHYSICAL DESCRIPTION | |
| Extent | vii, 128 p. |
| Other physical details | illus., map, diagr., tables. |
| 410 20 - SERIES STATEMENT/ADDED ENTRY--CORPORATE NAME [OBSOLETE, CAN/MARC], [LOCAL, USA] | |
| Corporate name or jurisdiction name as entry element | Geological Survey of Canada. |
| Title of a work | Bulletin |
| Volume number/sequential designation | 31 |
| 504 ## - BIBLIOGRAPHY, ETC. NOTE | |
| Bibliography, etc. note | "References": p. 103-104. |
| 650 #0 - SUBJECT ADDED ENTRY--TOPICAL TERM | |
| Topical term or geographic name entry element | Uranium ores |
| Geographic subdivision | Saskatchewan |
| -- | Goldfields. |
No items available.